<?xml version="1.0" encoding="UTF-8"?>
<collection xmlns="http://www.loc.gov/MARC21/slim">
 <record>
  <leader>01154nam a22002535a 4500</leader>
  <controlfield tag="001">EUN.eunm003767</controlfield>
  <controlfield tag="005">20111006112946.0</controlfield>
  <controlfield tag="008">041125s1998####ag#a##########000#0#spa#d</controlfield>
  <datafield tag="020" ind1=" " ind2=" ">
   <subfield code="a">987928108X</subfield>
  </datafield>
  <datafield tag="082" ind1="0" ind2="4">
   <subfield code="a">558.21</subfield>
   <subfield code="2">15</subfield>
  </datafield>
  <datafield tag="245" ind1="0" ind2="0">
   <subfield code="a">Carta geoambiental del partido de Guaminí (Provincia de Buenos Aires) /</subfield>
   <subfield code="c">editores Magdalena González Uriarte, Gustavo Orioli.</subfield>
  </datafield>
  <datafield tag="260" ind1=" " ind2=" ">
   <subfield code="a">Bahía Blanca :</subfield>
   <subfield code="b">EdiUNS, Editorial de la Universidad Nacional del Sur,</subfield>
   <subfield code="c">1998.</subfield>
  </datafield>
  <datafield tag="300" ind1=" " ind2=" ">
   <subfield code="a">243 p. :</subfield>
   <subfield code="b">il. ;</subfield>
   <subfield code="c">28 cm. +</subfield>
   <subfield code="e">5 mapas.</subfield>
  </datafield>
  <datafield tag="440" ind1=" " ind2="0">
   <subfield code="a">Serie Extensión</subfield>
  </datafield>
  <datafield tag="505" ind1="2" ind2=" ">
   <subfield code="a">Mapa 1. Altitud de las tierras -- Mapa 2. Gradiente de las tierras -- Mapa 3. Formaciones superficiales y drenaje -- Mapa 4. Unidades territoriales de producción -- Mapa 5. Unidades geoambientales</subfield>
  </datafield>
  <datafield tag="650" ind1=" " ind2="7">
   <subfield code="a">Geología.</subfield>
   <subfield code="2">unbist</subfield>
  </datafield>
  <datafield tag="650" ind1=" " ind2="7">
   <subfield code="a">Suelos.</subfield>
   <subfield code="2">unbist</subfield>
  </datafield>
  <datafield tag="651" ind1=" " ind2="7">
   <subfield code="a">Argentina.</subfield>
   <subfield code="2">unbist</subfield>
  </datafield>
  <datafield tag="653" ind1=" " ind2=" ">
   <subfield code="a">Geomorfologia</subfield>
  </datafield>
  <datafield tag="653" ind1=" " ind2=" ">
   <subfield code="a">Recursos hídricos</subfield>
  </datafield>
  <datafield tag="700" ind1="1" ind2=" ">
   <subfield code="a">González Uriarte, Magdalena.</subfield>
   <subfield code="4">edt</subfield>
  </datafield>
  <datafield tag="700" ind1="1" ind2=" ">
   <subfield code="a">Orioli, Gustavo Adolfo,</subfield>
   <subfield code="d">1933-</subfield>
   <subfield code="4">edt</subfield>
  </datafield>
  <datafield tag="859" ind1=" " ind2=" ">
   <subfield code="a">AR-BaUNS</subfield>
   <subfield code="b">BIB. CENTRAL - Sector A</subfield>
   <subfield code="h">558.21</subfield>
   <subfield code="i">G589</subfield>
   <subfield code="p">111643/000</subfield>
  </datafield>
  <datafield tag="859" ind1=" " ind2=" ">
   <subfield code="a">AR-BaUNS</subfield>
   <subfield code="b">BIB. CENTRAL - Sector A</subfield>
   <subfield code="h">558.21</subfield>
   <subfield code="i">G589</subfield>
   <subfield code="p">117912/007</subfield>
   <subfield code="t">Ej.2</subfield>
  </datafield>
 </record>
</collection>
